| 000 | 00627nam a22001817a 4500 | ||
|---|---|---|---|
| 005 | 20090518112242.0 | ||
| 008 | 090518t xxu||||| |||| 00| 0 eng d | ||
| 022 | _a0974-9101 | ||
| 040 | _adpl | ||
| 245 | _aGlobal journal of emerging market economies | ||
| 260 |
_aNew Delhi _bSage Publications _c2009- |
||
| 300 |
_av. _c24 cm |
||
| 310 | _aThree times in year, Jan, May, Sep. | ||
| 270 |
_aB1/1-1, Mohan Cooperative Industrail Area, Mathura Road _bNew Delhi _e110044 |
||
| 365 | _bRs. 960.00 per annum | ||
| 942 |
_2ddc _cSR _s1 |
||
| 999 |
_c26510 _d26510 |
||